00712 2200265 4500001002100000005001700021008004100038020001800079035002400097082001100121090001800132100001900150245008800169250001100257260002800268300001900296500003100315500001100346650001900357700001900376850001500395980001500410985000600425999001500431YOGYA-0209000000906620090227021154.0 ind  a979-567-065-8 0010-020900000009066 a297.74 a297.74bDau D aDAULAY, Hamdan aDakwah ditengah persoalan budaya dan politikcHamdan Daulay ; editor, Andy Dermawan aCet. 1 aYogyakartabLesfic2001 a209 hlmc21 cm aBibliografi : hlm. 197-208 aIndeks aIslam - Dakwah aDermawan, Andy aYOPDYOG(B) a04-06-2005 a1 a02P0000720